书目信息 |
| 题名: |
我依然心系于你
|
|
| 作者: | 天崎弥理特 著 ;芙莱伊 , 王盈盈 绘 | |
| 分册: | ||
| 出版信息: | 南京 江苏凤凰文艺出版社 2025.07 |
|
| 页数: | 275页 | |
| 开本: | 21cm | |
| 丛书名: | ||
| 单 册: | ||
| 中图分类: | I313.45 | |
| 科图分类: | ||
| 主题词: | 长篇小说--日本--现代 | |
| 电子资源: | ||
| ISBN: | 978-7-5594-9589-1 | |
| 000 | 01140nam0 2200277 450 | |
| 001 | 01015757 | |
| 005 | 20251022141929.03 | |
| 010 | @a978-7-5594-9589-1@dCNY42.80 | |
| 100 | @a20250701d2025 em y0chiy0120 ea | |
| 101 | 1 | @achi@cjpn |
| 102 | @aCN@b320000 | |
| 105 | @aa z 000ay | |
| 106 | @ar | |
| 200 | 1 | @a我依然心系于你@9wo yi ran xin xi yu ni@e完结篇@f(日)天崎弥理特著@g(日)芙莱伊绘@g王盈盈译 |
| 210 | @a南京@c江苏凤凰文艺出版社@d2025.07 | |
| 215 | @a275页@c图@d21cm | |
| 312 | @a封面英文题名:I'm still thinking about you | |
| 330 | @a本书讲述:为了让家乡重焕生机,松本修与桐山鞘音的音乐工作室决定参加“雪灯祭”。传说,一起参加雪灯祭的情侣会永远在一起。与修和鞘音并肩为家乡复兴而奋斗的三云小姐,曾在学生时代将隐秘心事藏进如梦似幻的雪灯笼中。时隔多年,当雪灯祭的音乐奇迹般再度奏响,各种情感也随之交织。 | |
| 510 | 1 | @aI'm still thinking about you@zeng |
| 606 | 0 | @a长篇小说@y日本@z现代 |
| 690 | @aI313.45@v5 | |
| 701 | 0 | @c(日)@a天崎弥理特@9tian qi mi li te@4著 |
| 702 | 0 | @c(日)@a芙莱伊@9fu lai yi@4绘 |
| 702 | 0 | @a王盈盈@9wang ying ying@4译 |
| 801 | 0 | @aCN@c20250909 |
| 905 | @a河南城建学院图书馆@dI313.45@eT592@ZT592@f1 | |
| 我依然心系于你:完结篇/(日)天崎弥理特著/(日)芙莱伊绘/王盈盈译.-南京:江苏凤凰文艺出版社,2025.07 |
| 275页:图;21cm |
| ISBN 978-7-5594-9589-1:CNY42.80 |
| 本书讲述:为了让家乡重焕生机,松本修与桐山鞘音的音乐工作室决定参加“雪灯祭”。传说,一起参加雪灯祭的情侣会永远在一起。与修和鞘音并肩为家乡复兴而奋斗的三云小姐,曾在学生时代将隐秘心事藏进如梦似幻的雪灯笼中。时隔多年,当雪灯祭的音乐奇迹般再度奏响,各种情感也随之交织。 |
| ● |
| 相关链接 |
|
|
|
正题名:我依然心系于你
索取号:I313.45/T592
 
预约/预借
| 序号 | 登录号 | 条形码 | 馆藏地/架位号 | 状态 | 备注 |
| 1 | 1632552 | 216325527 | 文学库116/116文学库 15排1列3层/ [索取号:I313.45/T592] | 在馆 |